Scenes from a sistah / (Record no. 13693)

000 -LEADER
fixed length control field 00387cam a2200157 a 4500
020 ## - INTERNATIONAL STANDARD BOOK NUMBER
ISBN 0446521000
040 ## - CATALOGING SOURCE
Transcribing agency DLC
082 00 - DEWEY DECIMAL CLASSIFICATION NUMBER
Classification number 813 WAR 1997 A093 Or.
100 1# - MAIN ENTRY--AUTHOR NAME
Personal name Files, Lolita.
245 10 - TITLE STATEMENT
Title Scenes from a sistah /
260 ## - PUBLICATION, DISTRIBUTION, ETC. (IMPRINT)
Place of publication New York, NY :
Name of publisher Warner Books,
Year of publication c1997.
300 ## - PHYSICAL DESCRIPTION
Number of Pages vii, 278 p. ;
Dimensions 24 cm.
650 #0 - SUBJECT ADDED ENTRY--TOPICAL TERM
Topical Term African American women
650 #0 - SUBJECT ADDED ENTRY--TOPICAL TERM
Topical Term Friendship
942 ## - ADDED ENTRY ELEMENTS (KOHA)
Koha item type សៀវភៅភាសាអង់គ្លេស
952 ## - LOCATION AND ITEM INFORMATION (KOHA)
Withdrawn status [LOCAL, KOHA] 0
Holdings
Permanent Location Date acquired Koha item type Lost status Shelving location Barcode Current Location Full call number
Library Block A2017-08-29សៀវភៅភាសាអង់គ្លេស A095A17148Library Block A813 WAR 1997 A095 Or.
មជ្ឈមណ្ឌលឯការនៃសាកលវិទ្យាល័យភូមិន្ទកសិកម្មចំការដូង

Powered by Koha